000 00440nam a2200181Ia 4500
005 20250923144706.0
008 008 250917s9999 xx 000 0 eng d
037 _aTextual
040 _aDSWL
_beng
_cDSWL
041 _aeng
_2eng
084 _qDSWL
245 4 _aThe worker in Industry
_cby H.M.S.O.
260 _aLondon
_b H.M.S.O.
_c1952
300 _avi,106p.
365 _aINR
942 _cTEXL
999 _c1442115
_d1442115